00380cam a22000977a 4500008004000000082002600040245011000066260006100176300000900237700003600246180718b1969 xxu||||| |||| 00| 0 eng d aR2303x5452 M267r/1965 aReport on the working of the payment of wages act, 1936 in the state of Madrascby Commissioner of Labour aTamilnadubThe Director of Stationery And Printingc1969 a34p. aChennai. Commissioner of Labour